Cenová stabilita v krajinách V4 ako jeden z faktorov ovplyvňujúcich sociálnu situáciu obyvateľstva
Faktory pôsobiace na vývoj inflácie v krajinách V4 predovšetkým v období po vstupe do Európskej únie. Podmienky stability hospodárstva a fungujúceho sociálneho sytému. Ekonomická a cenová stabilita.
Salvato in:
| Autore principale: | |
|---|---|
| Natura: | Capitolo di libro |
| Lingua: | slovacco |
| Soggetti: | |
| Tags: |
Nessun Tag, puoi essere il primo ad aggiungerne!!
|
MARC
| LEADER | 00000naa$a2200000$$$4500 | ||
|---|---|---|---|
| 001 | 0152699 | ||
| 005 | 20240502072723.4 | ||
| 041 | 0 | |a slo | |
| 044 | |a SK | ||
| 245 | 1 | 0 | |a Cenová stabilita v krajinách V4 ako jeden z faktorov ovplyvňujúcich sociálnu situáciu obyvateľstva |c Hana Poláčková |
| 520 | |a Faktory pôsobiace na vývoj inflácie v krajinách V4 predovšetkým v období po vstupe do Európskej únie. Podmienky stability hospodárstva a fungujúceho sociálneho sytému. Ekonomická a cenová stabilita. | ||
| 610 | 2 | 0 | |a Vyšehradská štvorka |
| 610 | 2 | 0 | |a situácia hospodárska |
| 610 | 2 | 0 | |a situácia sociálna |
| 610 | 2 | 0 | |a stabilita hospodárstva |
| 610 | 2 | 0 | |a stabilita cien |
| 610 | 2 | 0 | |a inflácia |
| 100 | 1 | |a Poláčková, Hana, 1968- | |